<The> Disappearing tax base is foreign direct investment (FDI) eroding corporate income taxes?
Na minha lista:
| Autor principal: | |
|---|---|
| Outros Autores: | |
| Formato: | Livro |
| Idioma: | inglês |
| Publicado em: |
Washington
International Monetary Fund
2000
|
| Colecção: | IMF Working Paper
WP/00/173 |
| Assuntos: | |
| Tags: |
Sem tags, seja o primeiro a adicionar uma tag!
|
MARC
| LEADER | 00000nam a2200000 4500 | ||
|---|---|---|---|
| 001 | c124439 | ||
| 005 | 20221221082043.9 | ||
| 041 | 0 | |a eng | |
| 044 | |a US | ||
| 245 | 1 | 0 | |a <The> Disappearing tax base |b is foreign direct investment (FDI) eroding corporate income taxes? |c Reint Gropp and Kristina Kostial |
| 264 | 1 | |a Washington |b International Monetary Fund |c 2000 | |
| 300 | |a 38 s. | ||
| 490 | 1 | |a IMF Working Paper |v WP/00/173 | |
| 830 | 0 | |a IMF Working Paper |v WP/00/173 | |
| 610 | 2 | 0 | |a dane |
| 610 | 2 | 0 | |a investície priame zahraničné |
| 610 | 2 | 0 | |a dane z príjmov |
| 610 | 2 | 0 | |a korporácie |
| 100 | 1 | |a Gropp, Reint | |
| 700 | 1 | |a Kostial, Kristina | |